Languages: Countries from Latin to English - Statistics

General Stats
  • This quiz has been taken 284 times
  • The average score is 13 of 16
Answer Stats
Country in Latin And in English % Correct
Germania Germany
100%
Hispania Spain
99%
Graecia Greece
98%
Iraquia Iraq
98%
Aegyptus Egypt
96%
Turcia Turkey
96%
Africa Australis South Afica
86%
Gallia France
85%
Sancti Marini San Marino
85%
Rēgnum Ūnītum United Kingdom
85%
Melita Malta
76%
Sina China
74%
Lettonia Latvia
74%
Helvetia Switzerland
68%
Lusitania Portugal
63%
Hibernia Ireland
57%
No matching quizzes found
Score Distribution
Percent of People with Each Score
Percentile by Number Answered
Your Score History
You have not taken this quiz